00675nam a2200241 a 4500001001300000003000900013005001700022008004100039020001000080082001800090100001900108245002800127260004200155300000800197500003500205505001000240650001600250700001900266902000800285942000700293952011800300999001500418nice12345678IN_TiNIC20260116011931.0050524s1955 alia grp 000 0 urd  ac10000a891.4391bARS aArsh, Malsyani aArshb Intekhab-E-Kalam aAligarhbAnjuman Taraqqi-E-Urduc1955 a60p aincludes index and biblioraphy2 aNotes aUrdu-Poetry1 aArsh, Malsyani bSRS cBK 001040708StackRoom-aHMIbHMId2007-06-22g100.00l0o891.4391 ARSp09631r2007-06-22v100.00w2005-05-24yBK c4961d4961